000 00525cam a22001932 4500
001 0000012842
005 20151217152115.0
008 090323s xx 000 0 eng d
040 _aKABU
_cKABU
100 1 _aCarden, John.
_@0000159445
245 1 4 _aThe Ugly missionary /
_cJohn Carden.
250 _a1st ed.
260 _aLondon :
_bHighway Press,
_c1964.
300 _a171 p.
650 0 _aMissions.
_@0000149612
852 1 _9p100 KES
908 _a090323
950 _@1
999 _c8349
_d8349